| 000 | 00657nam a2200193 a 4500 | ||
|---|---|---|---|
| 005 | 20250802063832.0 | ||
| 008 | 081107s1994 mx r 000 0 spa d | ||
| 020 | _a9806226860 | ||
| 035 | _aUPN01000165519 | ||
| 049 | _aUNE | ||
| 050 | 4 |
_aLB2331.615 A4.4 _bA2.7 |
|
| 245 | 0 | 0 |
_aAcreditación universitaria en América Latina : _bantecedentes y experiencias. |
| 260 |
_aCaracas : _bUNESCO : _bCRESALC, _c1994. |
||
| 300 | _a267 p. | ||
| 650 | 7 |
_aUniversidades y colegios _xAcreditación _zAmérica Latina _2 _95040 |
|
| 650 | 7 |
_aAcreditación (Educación) _zAmérica Latina _2 _924106 |
|
| 650 | 4 |
_aEducación superior _zAmérica Latina _95753 |
|
| 905 | _aLibro | ||
| 999 |
_c137631 _d137631 |
||